000 00521nam a2200169 i 4500
001 84234
003 ES-MaACL
007 t|
008 041122s1980 sp ||||1| spa d
100 1 _aJeanneney, Jean-Marcel.
_966250
245 1 3 _aUn nuevo proteccionismo /
_cJean-Marcel Jeanneney ; traducción, Miguel Morán.
260 _aMadrid :
_bH. Blume,
_c[1980]
300 _a151 p. ;
_c21 cm.
700 1 _aMorán Turina, José Miguel
_983126
852 _aES-MaACL
_jL-3436
_bR.104201
999 _c84234
_d84234